| 000 | 00721nam a22002057a 4500 | ||
|---|---|---|---|
| 003 | 0 | ||
| 005 | 20251024161355.0 | ||
| 008 | 251024b xxu||||| |||| 00| 0 eng d | ||
| 020 | _a978-1-250-80602-4 | ||
| 050 |
_aPZ 8 _b.A92 2022 |
||
| 100 |
_aAdler, Dahlia, _eeditor. |
||
| 245 |
_aAt midnight : _bfifteen beloved fairy tales reimagined / _cedited by Dahlia Adler. |
||
| 246 | _aFifteen beloved fairy tales reimagined | ||
| 260 |
_aNew York : _bFlatiron Books, _c2022. |
||
| 300 |
_ax, 454 pages ; _c22 cm. |
||
| 520 | _aA collection of fifteen contemporary retellings of classic fairy tales by diverse authors. | ||
| 650 |
_aFairy tales _xAdaptations _vFiction. |
||
| 650 | _aYoung adult fiction. | ||
| 942 |
_2lcc _cBK |
||
| 999 |
_c368345 _d368345 |
||